000 00420nam a2200181Ia 4500
005 20240823011557.0
008 240823s9999||||xx |||||||||||||| ||und||
041 _aENGLISH
082 _A621.8 P2
100 _aRamamurti V
245 0 _aMechanics of Machines
250 _a1st
260 _b"Narosa, New "
_aNew Delhi
500 _aTRANSFERED
650 _aMechanics
_bMechanical
942 _cBK
999 _c161943
_d161943